A comparison of the psychosocial wellbeing of children of Latvian emigrants in schools in host countries with the wellbeing of returnee children

Titel: A comparison of the psychosocial wellbeing of children of Latvian emigrants in schools in host countries with the wellbeing of returnee children / Daina Grosa
Verfasser:
In: Journal of Baltic studies, Band 56, Heft 4 (2025), Seite 657-678
alle Artikel anzeigen
Veröffentlicht: 2025
Umfang: Diagramme
Format: Aufsatz
Sprache: Englisch
Schlagworte:
Kein Bild verfügbar
X
alg: 53849381
001A    $03025:27-11-25 
001B    $01999:27-11-25 $t22:01:15.000 
001D    $03025:27-11-25 
001U    $0utf8 
001X    $00 
002@    $0Oou 
002C    $aText $btxt $2rdacontent 
002D    $aComputermedien $bc $2rdamedia 
002E    $aOnline-Ressource $bcr $2rdacarrier 
003@    $053849381X 
004P    $010.1080/01629778.2025.2472760 
007A    $053849381X $aHEB 
009Q    $uhttps://doi.org/10.1080/01629778.2025.2472760 $xH 
010@    $aeng 
010E    $erda 
011@    $a2025 
021A    $aA @comparison of the psychosocial wellbeing of children of Latvian emigrants in schools in host countries with the wellbeing of returnee children $hDaina Grosa 
028A    $BVerfasser $4aut $7 $8Grosa, Daina [Tnu] $9538493739 
031A    $d56 $e4 $g22 $h657-678 $j2025 
034M    $aDiagramme 
039B    $aEnthalten in $8--Obvc--. Journal of Baltic studies. - London {[u.a.] : Routledge, part of the Taylor & Francis Group, 1972-. - Online-Ressource. - ISSN 1751-7877 $x202500000560004343 $9181873397 
044K    $#Abendland $#Okzident $74015701-5 $8Europa [Tgz] $908503617X 
044K    $RMigration $RInternationale Migration $RAuswanderer $RExil $#Emigration and immigration $#Émigration et immigration $#Auswanderung $#Auswanderung $#Emigration $#Auswanderung/Auswanderer $#Emigration Auswanderung $74003920-1 $8Auswanderung [Ts1] $9085002232 
044K    $RLettin $#Latvians $#Lettons $#Lette $#Letten $74111273-8 $8Letten [Ts1] $9085328669 
044K    $RBildungssystem $#Instructional systems $#Systèmes d'enseignement $#Bildungswesen $#Bildungswesen $#Erziehungswesen $#Bildungswesen $#Erziehungswesen $74006681-2 $8Bildungswesen [Ts1] $9085010022 
044K    $RBefindlichkeit $RPsychische Gesundheit $RWellness $#Human comfort $#Bien-être $#Wohlbefinden $#Wohlergehen $#Wohlgefühl $#Subjektives Wohlbefinden $74124481-3 $8Wohlbefinden [Ts1] $9085415618 
044K    $REntwicklungspsychologie $#Child psychology $#Enfants Psychologie $#Psicologia infantile $#Niños Psicología $#Entwicklungspsychologie Kind $#Kind Psychologie $#Kindespsychologie $#Kindheitspsychologie $74073410-9 $8Kinderpsychologie [Ts1] $9085206717 
044K    $RSpezielle Soziologie $#Kind Soziologie $#Kindheit Soziologie $74163859-1 $8Kindersoziologie [Ts1] $9085728489 
044K    $RRückwanderer $RMigration $RInternationale Migration $#Return migration $#Migration de retour $#Emigrazione di ritorno $#Migración de retorno $#Rückwanderung $#Rückwanderung $#Rückwanderung $#Remigration $74050863-8 $8Rückwanderung [Ts1] $9085141828 
045F    $a300.947960905 $eDDC23BSB 
045F/01 $a300 
045F/03 $f0905 
045F/03 $g4796 
045R    $aSozialgeschichte 2010-2025 
045T    $a7,41 

lok: 53849381 78

exp: 53849381 78 1 #EPN
201B/01 $027-11-25 $t17:01:24.000 
201C/01 $027-11-25 
201U/01 $0utf8 
203@/01 $01326258540 
208@/01 $a27-11-25 $be 
209A/01 $a/ $f000 $x00 
209A/01 $ab*p $x01 
220C/01 $akoe 
247C/01 $82080>Marburg/Lahn, Herder-Institut, Forschungsbibliothek, Bibliographieportal $9336309341
LEADER 00000caa a2200000 c 4500
001 53849381X
003 DE-603
005 20251127220115.0
007 cr||||||||||||
008 251127s2025 xx |||| o| u00||u|eng c
024 7 |a 10.1080/01629778.2025.2472760  |2 doi 
035 |a (DE-599)HEB53849381X 
040 |a DE-603  |b ger  |c DE-603  |d DE-603  |e rda 
041 |a eng 
082 0 4 |8 1\u  |a 300.947960905  |q DE-101  |2 23/BSB 
084 |a 7,41  |2 ssgn 
085 |8 1\u  |b 300 
085 |8 1\u  |z 1  |s 0905 
085 |8 1\u  |z 2  |s 4796 
100 1 |a Grosa, Daina  |e Verfasser  |4 aut  |0 (DE-603)538493739 
245 0 0 |a ˜Aœ comparison of the psychosocial wellbeing of children of Latvian emigrants in schools in host countries with the wellbeing of returnee children  |c Daina Grosa 
264 0 |c 2025 
300 |b Diagramme 
336 |a Text  |b txt  |2 rdacontent 
337 |a Computermedien  |b c  |2 rdamedia 
338 |a Online-Ressource  |b cr  |2 rdacarrier 
648 7 |a Sozialgeschichte 2010-2025  |2 gnd 
650 7 |a Auswanderung  |0 (DE-588)4003920-1  |0 (DE-603)085002232  |2 gnd 
650 7 |a Letten  |0 (DE-588)4111273-8  |0 (DE-603)085328669  |2 gnd 
650 7 |a Bildungswesen  |0 (DE-588)4006681-2  |0 (DE-603)085010022  |2 gnd 
650 7 |a Wohlbefinden  |0 (DE-588)4124481-3  |0 (DE-603)085415618  |2 gnd 
650 7 |a Kinderpsychologie  |0 (DE-588)4073410-9  |0 (DE-603)085206717  |2 gnd 
650 7 |a Kindersoziologie  |0 (DE-588)4163859-1  |0 (DE-603)085728489  |2 gnd 
650 7 |a Rückwanderung  |0 (DE-588)4050863-8  |0 (DE-603)085141828  |2 gnd 
651 7 |a Europa  |0 (DE-588)4015701-5  |0 (DE-603)08503617X  |2 gnd 
773 0 8 |i Enthalten in  |t Journal of Baltic studies  |d London ˜[u.a.] œ: Routledge, part of the Taylor & Francis Group, 1972-  |h Online-Ressource  |x 1751-7877  |g Band 56, Heft 4 (2025), Seite 657-678  |w (DE-603)181873397  |w (DE-600)2254161-5 
856 |u https://doi.org/10.1080/01629778.2025.2472760  |x Verlag 
924 1 |9 2080  |a (DE-603)1326258540  |b DE-2080  |c HES  |d d  |g /